Statistiken für Alle Filme von Ridley Scott

Klicken Sie hier um das Quiz zu spielen!

Allgemein

  • Dieses Quiz wurde 26 mal gespielt
  • Das Durchschnittsergebnis liegt bei 7 aus 28

Antwortstatistiken

FilmErscheinungsjahr% Korrekt
Alien1979
100%
Gladiator2000
68%
Prometheus - Dunkle Zeichen2012
53%
Blade Runner1982
47%
The Last Duel2021
47%
Alien: Covenant2017
42%
House of Gucci2021
42%
American Gangster2007
32%
Napoleon2023
32%
Thelma & Louise1991
32%
Der Marsianer: Rettet Mark Watney2015
26%
Königreich der Himmel2005
26%
Exodus: Götter und Könige2014
21%
Legende1985
21%
Die Duellisten1977
16%
Robin Hood2010
16%
Alles Geld der Welt2017
11%
Black Hawk Down2001
11%
The Counselor2013
11%
1492 - Die Eroberung des Paradieses1992
5%
Black Rain1989
5%
Der Mann, der niemals lebte2008
5%
Der Mann im Hintergrund1987
5%
Die Akte Jane1997
5%
Ein gutes Jahr2006
5%
Hannibal2001
5%
Tricks2003
5%
White Squall1996
5%

Verteilung der Resultate

Perzentil nach korrekt beantworteten Fragen

Anzahl Personen mit jedem Resultat

Ihre Resultats-Entwicklung

Sie haben dieses Quiz noch nicht gespielt